Hình học cao cấp

TO Hình học Affin và Hình học Euclide; TO053 Hình học cao cấp; TO Hình học xạ ảnh

Guardado en:
Detalles Bibliográficos
Autor principal: Nguyễn, Mộng Hy
Formato: Libro
Lenguaje:Undetermined
Publicado: H. Giáo dục 2007
Materias:
Acceso en línea:http://lrc.tdmu.edu.vn/opac/search/detail.asp?aID=2&ID=3248
Etiquetas: Agregar Etiqueta
Sin Etiquetas, Sea el primero en etiquetar este registro!
Thư viện lưu trữ: Trung tâm Học liệu Trường Đại học Thủ Dầu Một
LEADER 00675nam a2200205Ia 4500
001 TDMU_3248
008 210410s9999 xx 000 0 und d
082 |a 516 
090 |b N4994 
100 |a Nguyễn, Mộng Hy 
245 0 |a Hình học cao cấp 
245 0 |c Nguyễn Mộng Hy 
260 |a H. 
260 |b Giáo dục 
260 |c 2007 
300 |a 283tr. 
520 |a TO Hình học Affin và Hình học Euclide; TO053 Hình học cao cấp; TO Hình học xạ ảnh 
650 |a Hình học 
856 |u http://lrc.tdmu.edu.vn/opac/search/detail.asp?aID=2&ID=3248 
980 |a Trung tâm Học liệu Trường Đại học Thủ Dầu Một